[Dom bývania a úmrtia Janka Jesenského v Bratislave - interiér]

Zobrazenie: Interiér domu bývania a úmrtia Janka Jesenského v Bratislave. V súčasnosti sa v ňom nachádza expozícia Múzea Janka Jesenského.

Bibliographic Details
Corporate Author: Československá tlačová kancelária (Photographer)
Other Authors: Borodáčová, Magda (Photographer)
Format: Photo
Language:Slovak
PhysicalDescription:1 fotografia čb 13 x 19 cm
Published: [S.l. s.n. s.a.]
Subjects:

MARC

LEADER 00000nkmaa2200000 a 4500
001 vtls011769563
003 SK-MaSNL
005 20260331211542.0
007 kh bo
008 251016n xo | ||00 k|slo
035 |a urn:nbn:sk:snk-km00eisn 
035 |a urn:nbn:sk:snk-km45wok 
035 |a E6C24C06-EA0E-40DA-AFB1-7475C8011235 
040 |a SNKLA  |b slo  |c SNKLA  |e AACR2 
041 0 |a slo 
044 |a xo  |c SK 
100 1 |a Borodáčová, Magda  |4 pht  |9 7370 
245 1 0 |a [Dom bývania a úmrtia Janka Jesenského v Bratislave - interiér]  |h grafika 
260 |a [S.l.  |b s.n.  |c s.a.] 
300 |a 1 fotografia  |b čb  |c 13 x 19 cm 
520 2 |a Zobrazenie: Interiér domu bývania a úmrtia Janka Jesenského v Bratislave. V súčasnosti sa v ňom nachádza expozícia Múzea Janka Jesenského. 
600 1 7 |a Jesenský, Janko,  |d 1874-1945  |2 SNKMA  |9 185488 
610 2 7 |a Múzeum Janka Jesenského  |2 SNKLA  |9 237423 
650 0 7 |a domy bývania  |2 SNKLA  |9 341137 
650 0 7 |a múzeá  |2 SNKPH  |9 4119 
651 7 |a Bratislava (Slovensko)  |2 SNKPH  |9 14568 
655 7 |a fotografie  |2 SNKPH  |9 70713 
710 2 |a Československá tlačová kancelária  |4 pht  |9 324511 
852 7 |a Slovenská národná knižnica v Martine  |b Literárny archív 
958 |a ZO 
958 |a BLA 
999 |c 1028310  |d 1030240 
952 |a SNKLA  |b SNKLA  |c SNKLA_DEP  |y NEVYP  |7 0  |p 17A1226940  |o snkK 6/167  |i snkLA 4292/1980  |0 0  |1 0  |4 0  |d 2018-07-30  |f 1  |l 0  |r 2026-02-24 13:45:55  |w 2026-02-24